| 000 | 00678nam a2200229 i 4500 | ||
|---|---|---|---|
| 001 | bg | ||
| 100 | 1 | _aEVANS, Virginia | |
| 245 | 1 | 0 |
_aCPE Use of English 1 for the revised Cambridge Proficiency Examination : _bstudent's book / _cVirginia Evans. |
| 260 |
_aNewbury : _bExpress Publ., _c2002. |
||
| 300 |
_a352 s. ; _c28 cm. |
||
| 650 | 9 | _aJęzyk angielski | |
| 650 | 9 | _aEgzaminy | |
| 655 | _aPodręczniki | ||
| 020 | _a1843253658 | ||
| 040 | _cBPK | ||
| 041 | 0 | _aen | |
| 080 | _a811.111(07)(076):371.27:378.244 | ||
| 920 | _a1-84325-365-8 | ||
| 942 | _cKS | ||
| 008 | s pl f |000 0 pol | ||
| 999 |
_c42027 _d42027 |
||